000 00225nam a22000857a 4500
008 170617b xxu||||| |||| 00| 0 eng d
100 _93497
_aBhatacharya. S
245 _aThe mahatma and the poet
260 _aNew Delhi
_bN. B. T
_c2008
999 _c6880
_d6880